LEADER 02270nam 2200409Ia 450 001 996383826103316 005 20221107214004.0 035 $a(CKB)1000000000596498 035 $a(EEBO)2264214596 035 $a(OCoLC)15746532 035 $a(EXLCZ)991000000000596498 100 $a19870529d1681 uy | 101 0 $aeng 135 $aurbn||||a|bb| 200 12$aA conference about the next succession to the crown of England$b[electronic resource] $edivided into two parts : the first containeth the discourse of a civil lawyer, how and in what manner propinquity of bloud is to be preferred : the second containeth the speech of a temporal lawyer about the particular titles of all such as do, or may, pretend (within England or without) to the next succession : whereunto is also added a new and perfect arbor and genealogy of the descents of all the kings and princes of England, from the Conquest to the present day, whereby each mans pretence is made more plain ... /$fpublished by R. Doleman 210 $a[S.l.] $cReprinted at N. with license$dMDCLXXXI [1681] 215 $a[16], 175, [5], 202 [i.e. 204] p., [1] folded leaf of plates $cill 300 $aWritten by Robert Parsons, under the pseudonym R. Doleman, and approved by Cardinal Allen and Sir Francis Englefield who are sometimes credited as joint authors--cf. DNB v.43, p.415. 300 $aOriginally published in 1594. 300 $aRunning title: A conference touching succession to the crown. 300 $a"Dedicated to the Right Honourable the Earl of Essex, one of Her Majesties Privy-Council, and of the noble Order of the Garter." 300 $aReproduction of original in the Union Theological Seminary Library, New York. 320 $aIncludes bibliographical references. 330 $aeebo-0160 607 $aGreat Britain$xKings and rulers$xSuccession 700 $aParsons$b Robert$f1546-1610.$0138049 701 $aAllen$b William$f1532-1594.$01000878 701 $aEnglefield$b Francis$cSir,$fd. 1596?$01017262 801 0$bEAJ 801 1$bEAJ 801 2$bm/c 801 2$bEAJ 801 2$bWaOLN 906 $aBOOK 912 $a996383826103316 996 $aA conference about the next succession to the crown of England$92384979 997 $aUNISA LEADER 02922oas 2201201 a 450 001 9910143923303321 005 20251105213014.0 011 $a1873-7625 035 $a(DE-599)ZDB1491698-8 035 $a(DE-599)1491698-8 035 $a(OCoLC)39166783 035 $a(CONSER) 2003233374 035 $a(CKB)954921364529 035 $a(EXLCZ)99954921364529 100 $a19980522a19729999 sy 101 0 $aeng 135 $aurmnu|||||||| 181 $ctxt$2rdacontent 182 $cc$2rdamedia 183 $acr$2rdacarrier 200 00$aResearch policy 210 $a[Amsterdam] $cNorth-Holland 215 $a1 online resource 300 $aRefereed/Peer-reviewed 300 $aTitle from contents screen (ScienceDirect, viewed Nov. 26, 2003). 311 08$a0048-7333 517 1 $aRP 606 $aResearch$vPeriodicals 606 $aResearch$xManagement$vPeriodicals 606 $aResearch, Industrial$vPeriodicals 606 $aResearch 606 $aRecherche$xPe?riodiques 606 $aRecherche$xGestion$xPe?riodiques 606 $aRecherche industrielle$xPe?riodiques 606 $aresearch (function)$2aat 606 $aResearch$2fast$3(OCoLC)fst01095153 606 $aResearch, Industrial$2fast$3(OCoLC)fst01095378 606 $aResearch$xManagement$2fast$3(OCoLC)fst01095208 608 $aPeriodical. 608 $aPeriodicals.$2fast 608 $aPeriodicals.$2lcgft 615 0$aResearch 615 0$aResearch$xManagement 615 0$aResearch, Industrial 615 2$aResearch. 615 6$aRecherche$xPe?riodiques. 615 6$aRecherche$xGestion$xPe?riodiques. 615 6$aRecherche industrielle$xPe?riodiques. 615 7$aresearch (function) 615 7$aResearch. 615 7$aResearch, Industrial. 615 7$aResearch$xManagement. 801 0$bOH1 801 1$bOH1 801 2$bOCL 801 2$bOCLCQ 801 2$bGUA 801 2$bOCLCQ 801 2$bOCLCS 801 2$bOCLCQ 801 2$bVRC 801 2$bU9S 801 2$bGUA 801 2$bOCLCQ 801 2$bOCLCF 801 2$bOCLCO 801 2$bVT2 801 2$bOCLCQ 801 2$bOCLCO 801 2$bOCLCQ 801 2$bU3W 801 2$bOCLCO 801 2$bEZC 801 2$bOCLCO 801 2$bAU@ 801 2$bOCLCO 801 2$bWYU 801 2$bOCLCO 801 2$bUKMGB 801 2$bOCLCO 801 2$bTKN 801 2$bOCLCO 801 2$bCGU 801 2$bOCLCO 801 2$bOCLCA 801 2$bOCLCQ 801 2$bOCLCA 801 2$bWAU 801 2$bOCLCO 801 2$bDKU 801 2$bOCLCQ 801 2$bUAB 801 2$bQGK 801 2$bUBY 801 2$bCSU 801 2$bLND 801 2$bLIP 801 2$bFIE 801 2$bOCLCQ 906 $aJOURNAL 912 $a9910143923303321 996 $aResearch policy$9788210 997 $aUNINA